Miejscowości w gminie Iława - Statystyki

Ogólne statystyki
  • Ten quiz został rozwiązany 50 razy
  • Średni wynik to 21 z 85
Odpowiedzi na mapie
Odpowiedzi zakodowano w zielono-czerwonej skali na mapie do tego quizu, zgodnie z poniższymi procentami.
 
Statystyki odpowiedzi
Miejscowość % Poprawnych
Iława
85%
Franciszkowo
65%
Nowa Wieś
65%
Wikielec
65%
Kamień Mały
63%
Karaś
60%
Kamień Duży
58%
Makowo
58%
Rudzienice
55%
Szałkowo
55%
Dziarnówko
50%
Frednowy
50%
Dziarny
48%
Ławice
45%
Szymbark
45%
Ząbrowo
45%
Siemiany
43%
Smolniki
43%
Tynwałd
43%
Gromoty
40%
Stradomno
38%
Dół
35%
Radomek
35%
Kamionka
33%
Mątyki
33%
Rodzone
33%
Sarnówek
33%
Kałduny
30%
Szeplerzyzna
30%
Gałdowo
28%
Gardzień
28%
Katarzynki
28%
Kwiry
28%
Starzykowo
25%
Wiewiórka
25%
Stanowo
23%
Wilczany
23%
Wola Kamieńska
23%
Gulb
20%
Jażdżówki
20%
Lowizowo
20%
Mózgowo
20%
Segnowy
20%
Tchórzanka
20%
Mały Bór
18%
Przejazd
18%
Laseczno Małe
15%
Pikus
15%
Sąpy
15%
Dąbrowa
13%
Emilianowo
13%
Franciszkowo Dolne
13%
Julin
13%
Nejdyki
13%
Rudzienice - Kałdunki
13%
Szczepkowo
13%
Borek
10%
Drwęca
10%
Kaletka
10%
Kozianka
10%
Papiernia
10%
Stęgwica
10%
Tłokowisko
10%
Windyki
10%
Jezierzyce
8%
Owczarnia
8%
Prasneta
8%
Praszki
8%
Rudzienice - Karłowo
8%
Silma
8%
Skarszewo
8%
Solniki
8%
Strakowo
8%
Zazdrość
8%
Jachimówka
5%
Jeziorno
5%
Krzyżówki
5%
Laseczeno
5%
Smolniki - Nadleśnictwo
5%
Szwalewo
5%
Urwisko
5%
Łanioch
3%
Niziny
3%
Nowy Ostrów
3%
Różek
3%
Nie znaleziono quizów pasujących do podanych kryteriów
Rozkład punktacji
Procent ludzi z każdym wynikiem
Percentyl według liczby udzielonych odpowiedzi
Twoja historia wyników
Nie rozwiązałeś tego quizu